000 00962cab a2200193 4500
001 ##L132958
008 060327n2006 000 0 eng u
035 _a(Sirsi) u132958
041 0 _aeng
100 1 _aBaker, Anthony
245 0 0 _aWatch your step
260 _c2006
490 0 _aRICS Building Surveying Faculty The Journal
_vMarch/April 2006, 18-19(2)
520 _aLooks at the implications for surveyors and property managers of the Work at Height Regulations 2005. Surveyors and other professionals who undertake property inspections are likely to be faced with a situation where they are required to work at height, and must give proper consideration to avoid placing themselves or contractors at risk of falls. Property managers must also have adequate procedures in place to manage risks arising from working at height.
590 _aIKA280306
650 2 4 _aWORK AT HEIGHT REGULATIONS 2005
690 _aHealth and safety
_96244
942 _n0
999 _c76716
_d76716